000 00570nam a2200181 i 4500
001 33475
003 ES-MaACL
005 20230906154750.0
007 t|
008 030202s1908 sp ||||1| spa d
100 1 _aBier, August.
_928819
245 1 3 _aLa hiperemia como procedimiento terapéutico /
_cpor August Bier ; traducido al castellano por Joaquín Nuñez Grimaldos.
250 _a6ª ed.
260 _aMadrid :
_b[s.n.,
_c1908] (
_fSuc. Hernando)
300 _a416 p. ;
_c25 cm.
700 1 _aNúñez Grimaldos, Joaquín.
_986201
852 _aES-MaACL
_jF-13164
999 _c33475
_d33475